000 01096cam a2200277 a 4500
001 3469882
003 ARRUPE
005 20211005101826.0
008 930721s1994 nyu b 001 0 eng
010 _a 93030806
020 _a0195087232 (alk. paper)
040 _aDLC
_cDLC
_dDLC
050 0 0 _aBX4827.B57
_bM35 1994
082 0 0 _a230/.044/092
_220
100 1 _aMarsh, Charles,
_d1958-
_950291
245 1 0 _aReclaiming Dietrich Bonhoeffer :
_bthe promise of his theology /
_cCharles Marsh.
260 _aNew York :
_bOxford University Press,
_c1994.
300 _axvi, 195 p. ;
_c25 cm.
504 _aIncludes bibliographical references (p. 159-189) and index.
600 1 0 _aBonhoeffer, Dietrich,
_d1906-1945.
_913513
650 0 _aTheology, Doctrinal
_xHistory
_y20th century.
_9925
856 4 2 _3Publisher description
_uhttp://www.loc.gov/catdir/enhancements/fy0637/93030806-d.html
906 _a7
_bcbu
_corignew
_d1
_eocip
_f19
_gy-gencatlg
942 _2lcc
_cMONOGRAPH
999 _c130683
_d130683